| 000 | 00895cam a2200253 a 4500 | ||
|---|---|---|---|
| 001 | 000014863 | ||
| 005 | 20200929163918.0 | ||
| 008 | 760317s1972 ve 001 0 spa d | ||
| 035 | _a(DLC) 62050457 | ||
| 035 | _a(OCoLC)2055673 | ||
| 040 |
_aDO-SdBNP _cNcU _dDLC _dBNPHU |
||
| 082 |
_a301.987 _bA339s |
||
| 100 | 1 |
_aAlbornoz, Orlando, _d1932- _929047 |
|
| 245 | 1 | 3 |
_aLa sociología en Venezuela / _cOrlando Albornoz. |
| 260 |
_aCaracas : _bUniversidad Central de Venezuela, Facultad de Economía, Escuela de Sociología y Antropología, _c1972. |
||
| 300 |
_a240 p. ; _c20 cm. |
||
| 490 | 1 |
_aEstudios sociales _v1 |
|
| 504 | _aIncluye referencias bibliográfica (p. 239-240). | ||
| 650 | 4 |
_aSociología _zVenezuela _xHistoria _933668 |
|
| 650 | 4 |
_aVenezuela _zCondiciones Sociales _933669 |
|
| 830 | 0 |
_aEstudios sociales ; _v1 _97147 |
|
| 910 | _aCatalogación derivada / LC | ||
| 049 | _aBNGR | ||
| 999 |
_c14443 _d14443 |
||